ECD Health, Nutrition and care diploma module (Record no. 1142)

000 -LEADER
fixed length control field 00735nam a22001457a 4500
008 - FIXED-LENGTH DATA ELEMENTS--GENERAL INFORMATION
fixed length control field 130424b xxu||||| |||| 00| 0 eng d
040 ## - CATALOGING SOURCE
Original cataloging agency LoC
050 ## - LIBRARY OF CONGRESS CALL NUMBER
Classification number LB1140.5 .H4 E23 2009
100 ## - MAIN ENTRY--PERSONAL NAME
Personal name Kenya Institute of Education
245 ## - TITLE STATEMENT
Title ECD Health, Nutrition and care diploma module
Statement of responsibility, etc Kenya Institute of Education
260 ## - PUBLICATION, DISTRIBUTION, ETC. (IMPRINT)
Place of publication, distribution, etc Nairobi
Name of publisher, distributor, etc Kenya Institute of Education
Date of publication, distribution, etc 2009
300 ## - PHYSICAL DESCRIPTION
Extent 145p.
Other physical details ill.
505 ## - FORMATTED CONTENTS NOTE
Formatted contents note Nutrition---Deficiency disorders---common childhood diseases---strategies of improving health and nutrition of the child and the family---Maternal and child health care services---primary health care ---Child rearing practices---child safety and protection---HIV and AIDS, Impact and intervention measures
942 ## - ADDED ENTRY ELEMENTS (KOHA)
Source of classification or shelving scheme
Item type Book
Holdings
Withdrawn status Lost status Source of classification or shelving scheme Damaged status Not for loan Home library Current library Shelving location Date acquired Total Checkouts Full call number Barcode Date last seen Date last borrowed Copy number Price effective from Koha item type Total Renewals
          Riara University Library Riara University Library Short Loan 24/04/2013 5 LB1140.5 .H4 E23 2009 3981/13 07/12/2017 23/11/2017 C.1 24/04/2013 Book on Shortloan  
          Riara University Library Riara University Library   24/04/2013 6 LB1140.5 .H4 E23 2009 3983/13 12/10/2017 12/09/2017 C.2 24/04/2013 Book 1
          Riara University Library Riara University Library   24/04/2013 5 LB1140.5 .H4 E23 2009 3982/13 05/04/2016 05/12/2014 C.3 24/04/2013 Book  

Riara University Library,
P.O. Box 49940-00100,
Nairobi, Kenya.